| 000 | 00631nam a22001937a 4500 | ||
|---|---|---|---|
| 005 | 20250728111259.0 | ||
| 010 | _aENG-146173 | ||
| 020 |
_a9780670090303 _c1299.00 |
||
| 035 | _aEN-129705 | ||
| 037 | _bDBAD | ||
| 082 |
_a921 _21 |
||
| 100 |
_aSampath, Vikram _983381 |
||
| 245 |
_aSavarkar: _bEchoes From A Forgotten Past 1883-1924/ _cVikram Sampath |
||
| 250 | _a1 | ||
| 260 |
_aHaryana _bPenguin Random House India _c2019 |
||
| 270 |
_aPenguin Random House India Pvt. Ltd. 7th Floor , Infinity Tower C, DLF Cyber City _bHaryana _e122002 |
||
| 300 |
_axxi, 575p. _c24 cm(hb) |
||
| 942 |
_2ddc _cEN _h921 _mSAM _e1 |
||
| 999 |
_c212641 _d212641 |
||